[Event "XXXV Corsicoscacchi FIDE"]
[Site "Corsico ITA"]
[Date "2006.10.14"]
[Round "4"]
[White "Ranieri, Fabrizio"]
[Black "Pace, Pietro Dario"]
[Result "1-0"]
[WhiteElo "2229"]
[BlackElo "2233"]
[PlyCount "87"]
[EventDate "2006.10.07"]

1. e4 c5 2. Nf3 Nc6 3. d4 cxd4 4. Nxd4 e5 5. Nf3 h6 6. Bc4 Nf6 7. O-O Be7 8.
Nc3 d6 9. h3 O-O 10. Qe2 Na5 11. Bd5 Nxd5 12. Nxd5 Be6 13. Bd2 Nc6 14. c4 f5
15. exf5 Rxf5 16. Be3 Qd7 17. Nd2 g5 18. Ne4 Raf8 19. Rad1 Bxd5 20. cxd5 Nd8
21. Qh5 Kg7 22. h4 Nf7 23. Ng3 Rf6 24. Qe2 gxh4 25. Nh5+ Kh8 26. Nxf6 Bxf6 27.
Qh5 Kh7 28. Rc1 Rg8 29. Rc4 Rg6 30. Rfc1 Bd8 31. Kh2 Kg7 32. R1c3 b5 33. Re4 a5
34. Bd2 Ng5 35. Bxg5 Bxg5 36. Kh1 Bd2 37. Rc2 Bf4 38. Qxh4 Qf7 39. Qd8 Bg5 40.
Qc8 Be7 41. Rc7 Rg5 42. Kg1 Kf6 43. Qd7 Rg7 44. Rg4 1-0

[Event "XXXV Corsicoscacchi FIDE"]
[Site "Corsico ITA"]
[Date "2006.10.14"]
[Round "4"]
[White "Sbarra, Marco"]
[Black "Massironi, Marco"]
[Result "0-1"]
[WhiteElo "2280"]
[BlackElo "2193"]
[PlyCount "86"]
[EventDate "2006.10.07"]

1. c4 c5 2. Nc3 Nc6 3. Nf3 Nd4 4. Ng1 g6 5. e3 Nc6 6. Nf3 Bg7 7. d4 d6 8. h3
Nf6 9. d5 Nb8 10. Bd3 O-O 11. O-O e5 12. Re1 Na6 13. a3 Ne8 14. Rb1 f5 15. Nh2
Nf6 16. f4 Nh5 17. fxe5 dxe5 18. e4 f4 19. b4 cxb4 20. axb4 Qb6+ 21. c5 Nxc5
22. bxc5 Qxc5+ 23. Be3 fxe3 24. Na4 Qd4 25. Nf3 e2+ 26. Nxd4 exd1=Q 27. Rbxd1
exd4 28. e5 Bf5 29. Bc4 Bc2 30. d6+ Kh8 31. e6 Bxd1 32. Rxd1 Rfd8 33. d7 Nf6
34. Nc5 b6 35. Nb7 Rxd7 36. exd7 Nxd7 37. Bd5 Rf8 38. Nd6 Ne5 39. Ra1 a5 40.
Rb1 Rb8 41. Nb7 Nd7 42. Nd6 Bf8 43. Nc4 Bb4 0-1

[Event "XXXV Corsicoscacchi FIDE"]
[Site "Corsico ITA"]
[Date "2006.10.14"]
[Round "4"]
[White "Vancini, Edoardo"]
[Black "Buchicchio, Giampaolo"]
[Result "0-1"]
[WhiteElo "2296"]
[BlackElo "2289"]
[PlyCount "74"]
[EventDate "2006.10.07"]

1. e4 c5 2. Nc3 Nc6 3. g3 g6 4. Bg2 Bg7 5. d3 d6 6. Be3 e5 7. Qd2 Nge7 8. Bh6
Bxh6 9. Qxh6 Nd4 10. Qd2 Qa5 11. Nge2 Nec6 12. Nxd4 Nxd4 13. O-O Be6 14. f4
O-O-O 15. a3 Kb8 16. Kh1 Rc8 17. Rfb1 h5 18. f5 Bd7 19. Qf2 c4 20. dxc4 gxf5
21. b4 Qd8 22. c5 h4 23. gxh4 Rxh4 24. Rg1 f4 25. Bf1 dxc5 26. b5 Qh8 27. Nd5
f5 28. Ne7 Nf3 29. Rg2 fxe4 30. Ng6 Qh7 31. Nxh4 Nxh4 32. Rd1 Nxg2 33. Qxg2 Rh8
34. Rd5 Bg4 35. Kg1 Bf3 36. Qd2 Rg8+ 37. Kf2 Qh4# 0-1

[Event "XXXV Corsicoscacchi FIDE"]
[Site "Corsico ITA"]
[Date "2006.10.14"]
[Round "4"]
[White "Zanetti, Alberto"]
[Black "Fossati, Remigio"]
[Result "1/2-1/2"]
[WhiteElo "2180"]
[BlackElo "2163"]
[PlyCount "109"]
[EventDate "2006.10.07"]

1. f4 d5 2. Nf3 g6 3. e3 Bg7 4. c4 Nf6 5. Nc3 c5 6. cxd5 Nxd5 7. Bb5+ Bd7 8.
Qb3 Nxc3 9. bxc3 O-O 10. a4 Qc7 11. Ba3 b6 12. d4 Nc6 13. d5 Na5 14. Qc2 Bxb5
15. axb5 Qd7 16. e4 Qxb5 17. Kf2 Qc4 18. Bb2 Nb3 19. Ra3 Nd4 20. Ra4 Nxc2 21.
Rxc4 Rfc8 22. e5 b5 23. Re4 b4 24. Rc1 bxc3 25. Bxc3 Na3 26. Ra4 Nb5 27. Ba5 f6
28. Rac4 fxe5 29. fxe5 g5 30. g4 Rf8 31. Kg3 Nd4 32. Rxd4 cxd4 33. d6 exd6 34.
exd6 Bf6 35. h4 gxh4+ 36. Nxh4 Be5+ 37. Kh3 Bxd6 38. Nf5 Rxf5 39. gxf5 Kf7 40.
Rc6 Ke7 41. f6+ Kd7 42. Ra6 Bc5 43. Kg4 Rc8 44. Kf5 Rc6 45. Rxc6 Kxc6 46. Ke6
Kb5 47. Bd2 a5 48. f7 a4 49. Bg5 a3 50. Be7 Bxe7 51. Kxe7 a2 52. f8=Q a1=Q 53.
Qb8+ Kc4 54. Qc7+ Kb3 55. Qb7+ 1/2-1/2

[Event "XXXV Corsicoscacchi FIDE"]
[Site "Corsico ITA"]
[Date "2006.10.14"]
[Round "5"]
[White "Buchicchio, Giampaolo"]
[Black "Zanetti, Alberto"]
[Result "1-0"]
[WhiteElo "2289"]
[BlackElo "2180"]
[PlyCount "113"]
[EventDate "2006.10.07"]

1. e4 e6 2. d4 d5 3. Nc3 dxe4 4. Nxe4 Bd7 5. Nf3 Bc6 6. Bd3 Nd7 7. O-O Ngf6 8.
Ng3 Be7 9. c4 O-O 10. b3 a5 11. Bd2 Bxf3 12. Qxf3 c5 13. Bc3 cxd4 14. Bxd4 Nc5
15. Rad1 Nxd3 16. Rxd3 Qc7 17. Nh5 e5 18. Bc3 e4 19. Nxf6+ Bxf6 20. Qxe4 Rfe8
21. Qf3 Bxc3 22. Rxc3 Rad8 23. Re3 Rxe3 24. Qxe3 b6 25. g3 g6 26. Re1 Qc6 27.
Qe7 Rc8 28. Re4 a4 29. Rd4 axb3 30. axb3 Qe8 31. Rd7 Qxe7 32. Rxe7 h5 33. Kg2
Kg7 34. Kf3 Kf6 35. Rb7 Rc6 36. Ke4 Ke6 37. Kd4 f6 38. Kc3 Kf5 39. Kb4 Kg4 40.
Kb5 Rc5+ 41. Kxb6 Rf5 42. f4 g5 43. Rg7 Kh3 44. c5 gxf4 45. gxf4 Rxf4 46. c6
Rb4+ 47. Kc5 Rxb3 48. Rg3+ Rxg3 49. hxg3 Kxg3 50. c7 h4 51. c8=Q h3 52. Qb8+
Kg2 53. Qb2+ Kg1 54. Qd4+ Kg2 55. Qd2+ Kg1 56. Qd1+ Kg2 57. Qg4+ 1-0

[Event "XXXV Corsicoscacchi FIDE"]
[Site "Corsico ITA"]
[Date "2006.10.14"]
[Round "5"]
[White "Fossati, Remigio"]
[Black "Sbarra, Marco"]
[Result "0-1"]
[WhiteElo "2163"]
[BlackElo "2280"]
[PlyCount "46"]
[EventDate "2006.10.07"]

1. d4 d5 2. c4 e6 3. Nc3 c5 4. cxd5 exd5 5. Nf3 Nc6 6. g3 Nf6 7. Bg2 Be7 8. O-O
O-O 9. Bg5 Be6 10. Rc1 Ne4 11. Bxe7 Qxe7 12. dxc5 Rfd8 13. Na4 d4 14. b3 Rd7
15. Qc2 Bg4 16. Ne5 Qxe5 17. Bxe4 d3 18. Bxd3 Nd4 19. Bxh7+ Kh8 20. Qe4 Nxe2+
21. Kg2 Qh5 22. c6 bxc6 23. Nc5 Rd4 0-1

[Event "XXXV Corsicoscacchi FIDE"]
[Site "Corsico ITA"]
[Date "2006.10.14"]
[Round "5"]
[White "Vancini, Edoardo"]
[Black "Ranieri, Fabrizio"]
[Result "0-1"]
[WhiteElo "2296"]
[BlackElo "2229"]
[PlyCount "138"]
[EventDate "2006.10.07"]

1. e4 e6 2. Nf3 d5 3. e5 c5 4. b4 cxb4 5. a3 d4 6. Bb2 Nc6 7. Bb5 Bd7 8. Qe2
Nge7 9. O-O a6 10. Bd3 Ng6 11. Nxd4 Nxd4 12. Bxd4 Nf4 13. Qe3 Nxd3 14. Bb6 Qh4
15. Qxd3 Bb5 16. Qf3 Bc6 17. Qe3 Be7 18. axb4 Qxb4 19. d3 Qg4 20. f3 Qf5 21.
Nd2 O-O 22. Nb3 Rfc8 23. Na5 Bb4 24. Nc4 Bb5 25. Rab1 Bxc4 26. Rxb4 Bd5 27. Rg4
Rxc2 28. Rg5 Re2 29. Rxg7+ Kxg7 30. Qxe2 Rc8 31. Qe3 Qg6 32. Bc5 Qh6 33. Qf2
Qg5 34. Rb1 a5 35. h4 Qg6 36. Be7 h6 37. Ra1 b6 38. Ra4 h5 39. Rf4 Kh7 40. Rf6
Qg7 41. Qd2 Rc7 42. Bd8 Rb7 43. Kh2 a4 44. Qb4 b5 45. Be7 Rb8 46. Qf4 Rb7 47.
Bb4 Rc7 48. Bd2 a3 49. Rh6+ Kg8 50. Rxh5 a2 51. Qd4 Rc2 52. Rg5 Rxd2 53. Qg4
Qxg5 54. Qxg5+ Kf8 55. Qd8+ Kg7 56. Qf6+ Kf8 57. h5 a1=Q 58. Qd8+ Kg7 59. Qg5+
Kh7 60. h6 Rxg2+ 61. Kxg2 Bxf3+ 62. Kf2 Qd4+ 63. Ke1 Qc3+ 64. Kf2 Qc2+ 65. Kxf3
Qxd3+ 66. Kf2 Qf5+ 67. Qxf5+ exf5 68. Ke3 b4 69. Kd4 f4 0-1

[Event "XXXV Corsicoscacchi FIDE"]
[Site "Corsico ITA"]
[Date "2006.10.15"]
[Round "6"]
[White "Buchicchio, Giampaolo"]
[Black "Fossati, Remigio"]
[Result "1/2-1/2"]
[WhiteElo "2289"]
[BlackElo "2163"]
[PlyCount "36"]
[EventDate "2006.10.07"]

1. e4 c5 2. c3 Nf6 3. e5 Nd5 4. d4 cxd4 5. Nf3 e6 6. cxd4 d6 7. Bc4 Nb6 8. Bg5
Be7 9. Bxe7 Qxe7 10. Bd3 Bd7 11. Nc3 Bc6 12. O-O N8d7 13. Re1 Rd8 14. Bb5 dxe5
15. Bxc6 bxc6 16. Nxe5 Nxe5 17. Rxe5 Qb4 18. Qb3 Qxb3 1/2-1/2

[Event "XXXV Corsicoscacchi FIDE"]
[Site "Corsico ITA"]
[Date "2006.10.15"]
[Round "6"]
[White "Ranieri, Fabrizio"]
[Black "Sbarra, Marco"]
[Result "1/2-1/2"]
[WhiteElo "2229"]
[BlackElo "2280"]
[PlyCount "69"]
[EventDate "2006.10.07"]

1. e4 e5 2. Nf3 Nc6 3. Bc4 Nf6 4. d3 Be7 5. a4 O-O 6. O-O d6 7. h3 Be6 8. Nbd2
d5 9. exd5 Bxd5 10. Re1 Bd6 11. Bxd5 Nxd5 12. Nc4 Re8 13. Nxd6 Qxd6 14. Nd2
Rad8 15. Ne4 Qg6 16. Bd2 Nd4 17. c3 Ne6 18. Qf3 h5 19. Ng3 Ndf4 20. Bxf4 Nxf4
21. d4 Nxh3+ 22. gxh3 h4 23. dxe5 Rd3 24. Re3 Rxe3 25. Qxe3 hxg3 26. Qxg3 Qe4
27. Rd1 Qxa4 28. Rd4 Qb5 29. Rb4 Qd5 30. Qg2 Qxe5 31. Qxb7 Qh5 32. Kg2 Re6 33.
Qf3 Qxf3+ 34. Kxf3 Rf6+ 35. Kg3 1/2-1/2

[Event "XXXV Corsicoscacchi FIDE"]
[Site "Corsico ITA"]
[Date "2006.10.15"]
[Round "6"]
[White "Vancini, Edoardo"]
[Black "Massironi, Marco"]
[Result "1/2-1/2"]
[WhiteElo "2296"]
[BlackElo "2193"]
[PlyCount "117"]
[EventDate "2006.10.07"]

1. d4 Nf6 2. Bg5 e6 3. e4 c5 4. e5 h6 5. Bc1 Nd5 6. c4 Nb4 7. d5 d6 8. a3 N4a6
9. exd6 Bxd6 10. Be2 exd5 11. cxd5 Nc7 12. Bf3 O-O 13. Ne2 Nd7 14. O-O Nf6 15.
Nbc3 Be5 16. Bf4 Bxf4 17. Nxf4 Qd6 18. g3 Bf5 19. Qd2 Ne6 20. Nfe2 Ng5 21. Bg2
Rfe8 22. Rad1 Rad8 23. h4 Nge4 24. Qc1 Qd7 25. Nf4 b6 26. Rfe1 Nd6 27. Rxe8+
Rxe8 28. Nd3 Re7 29. Bf3 Bg4 30. Qf4 Bxf3 31. Qxf3 Nf5 32. Nf4 Nd4 33. Qd3 Qg4
34. Kg2 Nf5 35. Rh1 Nd7 36. d6 Re8 37. Nce2 Ne5 38. Qc3 Nxd6 39. Re1 Ne4 40.
Qe3 Nf6 41. Qc3 Qd7 42. Ng1 Qc6+ 43. f3 Ned7 44. Rxe8+ Nxe8 45. Nge2 Nef6 46.
Nd4 Qd6 47. Nf5 Qe5 48. Qxe5 Nxe5 49. Kf2 Kf8 50. Ke2 g6 51. Nxh6 Kg7 52. Ng4
Nexg4 53. fxg4 Nxg4 54. Nd5 Ne5 55. b4 Nc4 56. bxc5 bxc5 57. a4 Nb6 58. Nc3 a5
59. Ke3 1/2-1/2

[Event "XXXV Corsicoscacchi FIDE"]
[Site "Corsico ITA"]
[Date "2006.10.15"]
[Round "6"]
[White "Zanetti, Alberto"]
[Black "Pace, Pietro Dario"]
[Result "0-1"]
[WhiteElo "2180"]
[BlackElo "2233"]
[PlyCount "84"]
[EventDate "2006.10.07"]

1. f4 d5 2. Nf3 g6 3. e3 Bg7 4. c4 e6 5. Nc3 Nf6 6. d4 O-O 7. b4 b6 8. Ba3 Re8
9. c5 a5 10. b5 bxc5 11. Bxc5 Ne4 12. Nxe4 dxe4 13. Nd2 Nd7 14. Ba3 Nb6 15. Bc4
e5 16. dxe5 Nxc4 17. Nxc4 Qh4+ 18. g3 Qh3 19. Kf2 Bg4 20. Qf1 Qh5 21. Bc5 f6
22. h3 Bf3 23. Bd4 Bxh1 24. Qxh1 fxe5 25. fxe5 Qf5+ 26. Ke2 Qe6 27. Rc1 Qd5 28.
a4 Rad8 29. Qe1 Qd7 30. g4 Qf7 31. Qg3 Rf8 32. Qg2 Qd5 33. Rc2 c5 34. bxc6 Qxc6
35. Rc3 Rc8 36. Nb6 Qe6 37. Rxc8 Qa2+ 38. Kd1 Qxg2 39. Rxf8+ Bxf8 40. Nd5 Bb4
41. Kc1 Qf1+ 42. Kc2 Qc4+ 0-1

[Event "XXXV Corsicoscacchi FIDE"]
[Site "Corsico ITA"]
[Date "2006.10.15"]
[Round "7"]
[White "Fossati, Remigio"]
[Black "Ranieri, Fabrizio"]
[Result "1-0"]
[WhiteElo "2163"]
[BlackElo "2229"]
[PlyCount "115"]
[EventDate "2006.10.07"]

1. d4 e6 2. c4 d5 3. Nc3 Nf6 4. cxd5 exd5 5. Bg5 Be7 6. e3 O-O 7. Bd3 Nbd7 8.
Qc2 c6 9. Nge2 Re8 10. O-O Nf8 11. f3 Nh5 12. Bxe7 Qxe7 13. e4 Be6 14. e5 g6
15. f4 Ng7 16. Ng3 f5 17. Nge2 Rec8 18. Qd2 c5 19. Qe3 c4 20. Bc2 a6 21. a4
Rcb8 22. b3 Qf7 23. Qf3 Rd8 24. Rfb1 Rab8 25. a5 Ne8 26. Ra2 b5 27. axb6 Rxb6
28. bxc4 Rxb1+ 29. Bxb1 dxc4 30. Rxa6 Bc8 31. Ra4 Bb7 32. Qf2 Ra8 33. Ba2 Rxa4
34. Nxa4 Bd5 35. Nec3 Qa7 36. Nxd5 Qxa4 37. Ne3 Kh8 38. Bxc4 Qa1+ 39. Nf1 Qc1
40. Ba2 Nc7 41. d5 Kg7 42. h3 h5 43. Qb6 Kh6 44. Qb4 Nd7 45. d6 Na6 46. Qc4 Qb2
47. Qxa6 Qd4+ 48. Kh1 Qxf4 49. e6 Nc5 50. Qe2 Ne4 51. Qe3 Qxe3 52. Nxe3 Nxd6
53. Nd5 g5 54. Kg1 Kg6 55. Kf1 Ne4 56. Ne7+ Kf6 57. Nxf5 Kxf5 58. Bb1 1-0

[Event "XXXV Corsicoscacchi FIDE"]
[Site "Corsico ITA"]
[Date "2006.10.15"]
[Round "7"]
[White "Massironi, Marco"]
[Black "Buchicchio, Giampaolo"]
[Result "1/2-1/2"]
[WhiteElo "2193"]
[BlackElo "2289"]
[PlyCount "45"]
[EventDate "2006.10.07"]

1. e4 c5 2. Nf3 Nc6 3. d4 cxd4 4. Nxd4 e5 5. Nb5 d6 6. N1c3 a6 7. Na3 Be6 8.
Nd5 Nf6 9. Bg5 Bxd5 10. Bxf6 Qa5+ 11. c3 Be6 12. Bg5 f6 13. Be3 b5 14. Be2 Rd8
15. O-O d5 16. exd5 Bxd5 17. Qc2 Bxa3 18. bxa3 O-O 19. Rfd1 Bc4 20. Bf3 Ne7 21.
Bc5 Qc7 22. Bb4 Rfe8 23. a4 1/2-1/2

[Event "XXXV Corsicoscacchi FIDE"]
[Site "Corsico ITA"]
[Date "2006.10.15"]
[Round "7"]
[White "Pace, Pietro Dario"]
[Black "Vancini, Edoardo"]
[Result "0-1"]
[WhiteElo "2233"]
[BlackElo "2296"]
[PlyCount "36"]
[EventDate "2006.10.07"]

1. e4 c5 2. Nf3 e6 3. b3 b6 4. Bb2 Bb7 5. Bd3 Nc6 6. a3 Nf6 7. Nc3 Be7 8. O-O
O-O 9. Re1 d5 10. exd5 exd5 11. Bf1 d4 12. Ne4 Nxe4 13. Rxe4 Qd5 14. Bd3 Bf6
15. Qe2 Nd8 16. Re1 Ne6 17. Rg4 Qh5 18. Nxd4 cxd4 0-1

[Event "XXXV Corsicoscacchi FIDE"]
[Site "Corsico ITA"]
[Date "2006.10.15"]
[Round "7"]
[White "Sbarra, Marco"]
[Black "Zanetti, Alberto"]
[Result "1-0"]
[WhiteElo "2280"]
[BlackElo "2180"]
[PlyCount "61"]
[EventDate "2006.10.07"]

1. c4 e5 2. Nc3 Nc6 3. Nf3 f5 4. d4 e4 5. Ng5 h6 6. Nh3 g5 7. f4 g4 8. Nf2 d6
9. e3 Bg7 10. Bd2 Nf6 11. Qb3 Ne7 12. h3 g3 13. Nfd1 h5 14. h4 Ng4 15. Ne2 Ng6
16. Nxg3 Bf6 17. Ne2 Bxh4+ 18. g3 Bf6 19. Bh3 h4 20. Bxg4 fxg4 21. Nf2 hxg3 22.
Rxh8+ Bxh8 23. Nxg3 Nh4 24. O-O-O c6 25. Nfxe4 d5 26. Ng5 Bf6 27. e4 dxe4 28.
N3xe4 Be7 29. Re1 Nf5 30. c5 Kd7 31. Qe6+ 1-0

[Event "XXII European Club Cup"]
[Site "Fuegen AUT"]
[Date "2006.10.08"]
[Round "1"]
[White "Heberla, Bartlomiej"]
[Black "Lain, Luigi"]
[Result "1-0"]
[WhiteElo "2569"]
[BlackElo "2250"]
[PlyCount "79"]
[EventDate "2006.10.08"]

1. e4 e5 2. Nf3 Nc6 3. Nc3 Nf6 4. g3 Bc5 5. Bg2 d6 6. d3 Be6 7. Na4 Qd7 8. Nxc5
dxc5 9. Be3 c4 10. d4 exd4 11. Nxd4 O-O-O 12. Nxc6 Qxc6 13. Qf3 Rd7 14. O-O
Nxe4 15. Rfd1 f5 16. Rxd7 Bxd7 17. Bd4 Qg6 18. Qa3 a6 19. Qe7 Rg8 20. Qb4 Qf7
21. b3 Bc6 22. bxc4 Rd8 23. Be3 Rd6 24. f3 Nf6 25. Qc5 Qh5 26. Bf4 b6 27. Qa3
Rd4 28. c5 Ra4 29. Qb3 b5 30. Rd1 Rc4 31. Qe3 Rxc2 32. Qd3 Rxg2+ 33. Kxg2 Nd5
34. Bd2 Kb7 35. Re1 Nf6 36. h4 Nd5 37. Re5 Nf6 38. Bf4 Qf7 39. Kh3 g6 40. Qd8
1-0

[Event "XXII European Club Cup"]
[Site "Fuegen AUT"]
[Date "2006.10.08"]
[Round "1"]
[White "Quaranta, Cristiano"]
[Black "Petr, Martin"]
[Result "1/2-1/2"]
[WhiteElo "2086"]
[BlackElo "2417"]
[PlyCount "115"]
[EventDate "2006.10.08"]

1. d4 Nf6 2. Nf3 d5 3. Bg5 e6 4. Nbd2 h6 5. Bh4 c5 6. e3 Nbd7 7. c3 Be7 8. Bd3
b6 9. Ne5 Nxe5 10. dxe5 Nd7 11. Bxe7 Qxe7 12. f4 Bb7 13. O-O Rd8 14. Qa4 a6 15.
c4 dxc4 16. Qxc4 b5 17. Qc2 Nb6 18. Ne4 Bxe4 19. Bxe4 O-O 20. Rfd1 c4 21. Rd4
Rxd4 22. exd4 Rd8 23. Rd1 Nd5 24. Bxd5 Rxd5 25. Qc3 Qh4 26. Qf3 b4 27. Qf1 a5
28. Qxc4 Qxf4 29. Qc8+ Kh7 30. Qc2+ g6 31. Qf2 Qf5 32. Qxf5 gxf5 33. Kf2 Kg6
34. Ke3 f6 35. exf6 Kxf6 36. Rc1 e5 37. Rc6+ Kg5 38. dxe5 Rxe5+ 39. Kf3 Rd5 40.
Ra6 f4 41. h4+ Kxh4 42. Kxf4 h5 43. b3 Rg5 44. g3+ Rxg3 45. Rxa5 Rg2 46. Kf3
Rg5 47. Ra4 Rg3+ 48. Kf2 Rg4 49. a3 bxa3 50. Rxa3 Rg3 51. Ra1 Rxb3 52. Rh1+ Kg4
53. Rg1+ Kf4 54. Rg8 h4 55. Kg1 Rb2 56. Kh1 Kf3 57. Rg7 Rb3 58. Kh2 1/2-1/2

[Event "XXII European Club Cup"]
[Site "Fuegen AUT"]
[Date "2006.10.09"]
[Round "2"]
[White "Dervishi, Erald"]
[Black "Goban, Marek"]
[Result "1-0"]
[WhiteElo "2545"]
[BlackElo "2148"]
[PlyCount "60"]
[EventDate "2006.10.08"]

1. e4 e5 2. Nf3 Nc6 3. Bb5 Nf6 4. O-O Nxe4 5. d4 Nd6 6. Bxc6 dxc6 7. dxe5 Nf5
8. Qxd8+ Kxd8 9. Nc3 h6 10. h3 Ne7 11. Bf4 Ng6 12. Bg3 Be7 13. Rad1+ Ke8 14.
Nd4 a6 15. f4 Bc5 16. Bh2 Ne7 17. g4 h5 18. f5 hxg4 19. hxg4 Rh4 20. Rf4 Nd5
21. Nxd5 cxd5 22. Bg3 Rh8 23. Bf2 b6 24. Nf3 Bxf2+ 25. Kxf2 Bb7 26. f6 Rg8 27.
Re1 Kd7 28. e6+ fxe6 29. f7 Rgf8 30. Ng5 Kd6 1-0

[Event "XXII European Club Cup"]
[Site "Fuegen AUT"]
[Date "2006.10.10"]
[Round "3"]
[White "Bellini, Fabio"]
[Black "Likavsky, Tomas"]
[Result "1-0"]
[WhiteElo "2502"]
[BlackElo "2480"]
[PlyCount "95"]
[EventDate "2006.10.08"]

1. e4 c5 2. Nf3 e6 3. g3 d5 4. exd5 exd5 5. d4 Nf6 6. Bg2 Qe7+ 7. Be3 Ng4 8.
O-O Nxe3 9. fxe3 Nc6 10. Nc3 Be6 11. e4 dxe4 12. d5 O-O-O 13. Nh4 Nb4 14. Bxe4
c4 15. Qf3 Nxd5 16. Nxd5 Bxd5 17. Rae1 Qc5+ 18. Kh1 f6 19. Ng2 g6 20. Rd1 Bxe4
21. Rxd8+ Kxd8 22. Qxf6+ Kc7 23. Qxh8 Qd5 24. Qxh7+ Kb6 25. Qh3 Bc5 26. Re1 Qd4
27. Qe6+ Bc6 28. Qe2 Qxb2 29. Qxc4 Bb4 30. Rd1 Ka5 31. h4 a6 32. Kh2 Qe5 33.
Nf4 Qe3 34. Rd5+ Ka4 35. Qb3+ Qxb3 36. axb3+ Ka3 37. Rg5 Be4 38. Nxg6 Bd2 39.
Nf4 Bxc2 40. Rd5 Bc3 41. Ne2 Bb2 42. Nd4 Be4 43. Rd7 b5 44. h5 Kb4 45. h6 a5
46. Re7 Bd5 47. Re5 Kc5 48. h7 1-0

[Event "XXII European Club Cup"]
[Site "Fuegen AUT"]
[Date "2006.10.10"]
[Round "3"]
[White "Goban, Marek"]
[Black "Efimov, Igor"]
[Result "0-1"]
[WhiteElo "2148"]
[BlackElo "2412"]
[PlyCount "64"]
[EventDate "2006.10.08"]

1. e4 c5 2. Nf3 e6 3. d4 cxd4 4. Nxd4 a6 5. Nc3 b5 6. Bd3 Bc5 7. Nb3 Be7 8. Be3
d6 9. O-O Nd7 10. a4 b4 11. Na2 Rb8 12. Qe2 a5 13. Bb5 Ngf6 14. c3 bxc3 15.
Nxc3 Bb7 16. f3 O-O 17. Rfd1 Ra8 18. Nd4 Rc8 19. Rac1 h6 20. Nb3 Nb8 21. Qf2
Nfd7 22. Qd2 Ne5 23. Ne2 Nbc6 24. Ned4 d5 25. exd5 Bb4 26. Qf2 Nxd4 27. Bxd4
Rxc1 28. Rxc1 Qxd5 29. Nxa5 Nxf3+ 30. Kh1 Nxd4 31. Nxb7 Nxb5 32. Qb6 Rb8 0-1

[Event "XXII European Club Cup"]
[Site "Fuegen AUT"]
[Date "2006.10.10"]
[Round "3"]
[White "Kalod, Radek"]
[Black "Lain, Luigi"]
[Result "1-0"]
[WhiteElo "2484"]
[BlackElo "2250"]
[PlyCount "51"]
[EventDate "2006.10.08"]

1. e4 e5 2. Nf3 Nc6 3. d4 exd4 4. Nxd4 Bc5 5. Be3 Qf6 6. c3 Nge7 7. g3 d5 8.
Bg2 O-O 9. Nxc6 Qxc6 10. exd5 Qb6 11. Bxc5 Qxc5 12. O-O Rd8 13. b4 Qc4 14. Re1
Be6 15. Nd2 Qxc3 16. Rc1 Qxb4 17. a3 Qa5 18. dxe6 Rxd2 19. exf7+ Kf8 20. Qf3
Rd7 21. Bh3 Rdd8 22. Rxe7 Kxe7 23. f8=Q+ Rxf8 24. Qe4+ Kf6 25. Qe6+ Kg5 26. f4+
1-0

[Event "XXII European Club Cup"]
[Site "Fuegen AUT"]
[Date "2006.10.10"]
[Round "3"]
[White "Luciani, Valerio"]
[Black "Volkmann, Friedrich Karl"]
[Result "0-1"]
[WhiteElo "2229"]
[BlackElo "2416"]
[PlyCount "56"]
[EventDate "2006.10.08"]

1. d4 d5 2. c4 e6 3. Nc3 c6 4. cxd5 exd5 5. Bf4 Bd6 6. Bxd6 Qxd6 7. e3 Bf5 8.
Bd3 Bxd3 9. Qxd3 Nf6 10. Nge2 O-O 11. f3 Re8 12. O-O Qe7 13. Kf2 c5 14. dxc5
Qxc5 15. Qd4 Qe7 16. Rad1 Nc6 17. Qf4 Rad8 18. Nd4 Nh5 19. Nxc6 bxc6 20. Qd4
Rb8 21. b3 Rb4 22. Qd3 Rh4 23. Rh1 Qd6 24. h3 Qg3+ 25. Kf1 Qg5 26. Kf2 Ng3 27.
Rhg1 Nf5 28. Rde1 Rd4 0-1

[Event "XXII European Club Cup"]
[Site "Fuegen AUT"]
[Date "2006.10.10"]
[Round "3"]
[White "Quaranta, Cristiano"]
[Black "Kremsner, Andreas"]
[Result "0-1"]
[WhiteElo "2086"]
[BlackElo "2214"]
[PlyCount "72"]
[EventDate "2006.10.08"]

1. d4 d5 2. c4 c6 3. Nc3 Nf6 4. cxd5 cxd5 5. Bf4 Bf5 6. e3 e6 7. Qb3 Qb6 8.
Qxb6 axb6 9. Bb5+ Nc6 10. Nf3 Bb4 11. Ne5 Rc8 12. Nxc6 bxc6 13. Ba6 Rd8 14. Bc7
Rd7 15. Bxb6 O-O 16. a3 Be7 17. Bc5 Bxc5 18. dxc5 Ra7 19. Be2 Nd7 20. e4 Bg6
21. exd5 exd5 22. b4 Rfa8 23. O-O Rxa3 24. Rxa3 Rxa3 25. Rc1 d4 26. Nd1 d3 27.
Bf1 Rb3 28. h4 h5 29. g3 Rxb4 30. Bg2 d2 31. Rc3 Rb1 32. Bf3 Ne5 33. Be2 Bd3
34. Bxd3 Rxd1+ 35. Kg2 Rc1 36. Ra3 Nxd3 0-1

[Event "XXII European Club Cup"]
[Site "Fuegen AUT"]
[Date "2006.10.10"]
[Round "3"]
[White "Schweda, Roland"]
[Black "Navarro, Stefano"]
[Result "1-0"]
[WhiteElo "2451"]
[BlackElo "2228"]
[PlyCount "79"]
[EventDate "2006.10.08"]

1. d4 d5 2. c4 e6 3. Nf3 c6 4. Qc2 Nf6 5. Bg5 Nbd7 6. cxd5 exd5 7. Nc3 Be7 8.
e3 O-O 9. Bd3 Re8 10. O-O Nf8 11. h3 Ne4 12. Bxe7 Qxe7 13. Bxe4 dxe4 14. Nd2 f5
15. Rab1 Be6 16. b4 a6 17. a4 Rad8 18. Rfc1 Ng6 19. Ne2 Qg5 20. b5 axb5 21.
axb5 Bd5 22. bxc6 bxc6 23. Nf1 f4 24. exf4 Nxf4 25. Nxf4 Qxf4 26. Ne3 Rf8 27.
Rb2 Rd6 28. Qc5 Rg6 29. Nxd5 cxd5 30. Qxd5+ Kh8 31. Rc3 Rg5 32. Qd7 Ra5 33. Rg3
Ra1+ 34. Kh2 Rg8 35. Rc2 h6 36. Rc8 Qf6 37. Rxg8+ Kxg8 38. Qe8+ Qf8 39. Qxf8+
Kxf8 40. Re3 1-0

[Event "XXII European Club Cup"]
[Site "Fuegen AUT"]
[Date "2006.10.10"]
[Round "3"]
[White "Sprenger, Jan Michael"]
[Black "Dervishi, Erald"]
[Result "1-0"]
[WhiteElo "2525"]
[BlackElo "2545"]
[PlyCount "109"]
[EventDate "2006.10.08"]

1. e4 e5 2. Nf3 Qe7 3. Bc4 h6 4. O-O Nf6 5. d4 d6 6. Re1 c6 7. b3 Qc7 8. Bb2
Nbd7 9. Nbd2 Be7 10. Nh4 g6 11. a4 Nh7 12. Nhf3 O-O 13. Bf1 Re8 14. Nc4 Bf8 15.
Qd2 Nhf6 16. a5 Re6 17. g3 g5 18. h4 g4 19. Nh2 exd4 20. Qxd4 Ne5 21. Rad1 Bd7
22. Qd2 Rd8 23. Bc3 c5 24. Nxe5 dxe5 25. Bc4 Ree8 26. Qe2 Bg7 27. Rxd7 Nxd7 28.
Nxg4 Nf6 29. Nxf6+ Bxf6 30. Bd5 Bg7 31. Bd2 Re7 32. Kg2 Qd6 33. Qh5 Kf8 34. Be3
Rc7 35. Ra1 Qg6 36. Qf3 h5 37. Bd2 Kg8 38. c4 Kh7 39. Bc3 Rd6 40. Qe2 Kh8 41.
Qb2 f6 42. Rd1 Rdd7 43. Rd3 Rxd5 44. Rxd5 Qxe4+ 45. Kg1 Qf5 46. Qe2 Kh7 47. Bd2
Kg6 48. Be3 Qb1+ 49. Kh2 Qxb3 50. g4 Qb1 51. gxh5+ Kh7 52. Qg4 Bh8 53. Rd1 Qc2
54. Rd8 Bg7 55. Qe6 1-0

[Event "XXII European Club Cup"]
[Site "Fuegen AUT"]
[Date "2006.10.11"]
[Round "4"]
[White "Ahn, Martin"]
[Black "Luciani, Valerio"]
[Result "0-1"]
[WhiteElo "2312"]
[BlackElo "2229"]
[PlyCount "74"]
[EventDate "2006.10.08"]

1. e4 e6 2. d4 d5 3. Nc3 Bb4 4. e5 c5 5. a3 Bxc3+ 6. bxc3 Ne7 7. Qg4 Qc7 8.
Qxg7 Rg8 9. Qxh7 cxd4 10. Ne2 Nbc6 11. f4 Bd7 12. Qd3 dxc3 13. h3 O-O-O 14. Rb1
Nf5 15. g4 Nh4 16. Rg1 d4 17. Ng3 f6 18. exf6 e5 19. f7 Rgf8 20. Ne4 exf4 21.
Qa6 Bf5 22. Rxb7 Qxb7 23. Nc5 Qxa6 24. Bxa6+ Kc7 25. gxf5 Nf3+ 26. Kf1 Nxg1 27.
Bc4 Nf3 28. Ne6+ Kb6 29. Nxf8 Rxf8 30. Be6 Ng5 31. a4 a5 32. Bxf4 Nxf7 33. h4
Nfd8 34. Bd7 Rf7 35. Bc8 Ne7 36. Bd7 Nxf5 37. Be8 Ne3+ 0-1